| Tag |
First Indicator |
Second Indicator |
Subfields |
| LEADER |
00000cam a2200000 i 4500 |
| 001 |
in00003527140 |
| 005 |
20151105180842.0 |
| 008 |
140325s2014 enka 000 0 eng |
| 010 |
|
|
|a 2014011960
|
| 020 |
|
|
|a 9780521856874 (hardback)
|
| 020 |
|
|
|a 0521856876 (hardback)
|
| 035 |
|
|
|a (OCoLC)ocn881387223
|
| 040 |
|
|
|a DLC
|e rda
|c DLC
|d UtOrBLW
|
| 043 |
|
|
|a cl-----
|
| 049 |
|
|
|a TXAM
|
| 050 |
0 |
0 |
|a JL969.A45
|b R628 2014
|
| 082 |
0 |
0 |
|a 324.2098
|2 23
|
| 100 |
1 |
|
|a Roberts, Kenneth M.,
|d 1958-
|
| 245 |
1 |
0 |
|a Changing course in Latin America :
|b party systems in the neoliberal era /
|c Kenneth M. Roberts, Cornell University.
|
| 264 |
|
1 |
|a Cambridge ;
|a New York :
|b Cambridge University Press,
|c 2014.
|
| 300 |
|
|
|a xix, 330 pages :
|b illustrations ;
|c 24 cm.
|
| 336 |
|
|
|a text
|b txt
|2 rdacontent
|
| 337 |
|
|
|a unmediated
|b n
|2 rdamedia
|
| 338 |
|
|
|a volume
|b nc
|2 rdacarrier
|
| 490 |
0 |
|
|a Cambride Studies in Comparative Politics
|
| 504 |
|
|
|a Includes bibliographical references (pages 293-320) and index.
|
| 520 |
|
|
|a This book explores the impact of economic crises and free-market reforms on party systems and political representation in contemporary Latin America. It explains why some patterns of market reform align and stabilize party systems, whereas other patterns of reform leave party systems vulnerable to widespread social protest and electoral instability. In contrast to other works on the topic, this book accounts for both the institutionalization and the breakdown of party systems, and it explains why Latin America turned to the Left politically in the aftermath of the market-reform process. Ultimately, it explains why this "left turn" was more radical in some countries than others and why it had such varied effects on national party systems.
|
| 650 |
|
0 |
|a Political parties
|z Latin America.
|
| 651 |
|
0 |
|a Latin America
|x Politics and government
|y 21st century.
|
| 650 |
|
0 |
|a Political stability
|z Latin America.
|
| 650 |
|
0 |
|a Neoliberalism
|z Latin America.
|
| 650 |
|
7 |
|a POLITICAL SCIENCE / General.
|2 bisacsh
|
| 945 |
|
|
|a PromptCat
|b 152631
|
| 946 |
|
|
|a stk
|
| 947 |
|
|
|a A14842968258
|
| 948 |
|
|
|a cataloged
|b h
|c 2015/4/17
|d c
|e dmitchel
|f 9:00:00 am
|
| 994 |
|
|
|a 92
|b TXA
|
| 999 |
|
|
|a MARS
|
| 999 |
f |
f |
|s 0a3ace1e-566a-3982-9226-a8fe65bd3fa0
|i 6fa42d47-a086-3999-8849-c8dc0053e1ea
|t 0
|
| 952 |
f |
f |
|p ric
|a Texas A&M University
|b Rellis Campus
|c Joint Library Facility
|d Remote Storage
|t 0
|e JL969.A45 R628 2014
|h Library of Congress classification
|i unmediated -- volume
|m A14842968258
|
| 998 |
f |
f |
|a JL969.A45 R628 2014
|t 0
|l Remote Storage
|